<?xml version="1.0" encoding="UTF-8"?><?xml-stylesheet type="text/xsl" href="static/style.xsl"?><OAI-PMH xmlns="http://www.openarchives.org/OAI/2.0/" xmlns:xsi="http://www.w3.org/2001/XMLSchema-instance" xsi:schemaLocation="http://www.openarchives.org/OAI/2.0/ http://www.openarchives.org/OAI/2.0/OAI-PMH.xsd"><responseDate>2026-04-14T19:49:49Z</responseDate><request verb="GetRecord" identifier="oai:uvadoc.uva.es:10324/6002" metadataPrefix="marc">https://uvadoc.uva.es/oai/request</request><GetRecord><record><header><identifier>oai:uvadoc.uva.es:10324/6002</identifier><datestamp>2025-02-17T13:36:23Z</datestamp><setSpec>com_10324_38</setSpec><setSpec>col_10324_852</setSpec></header><metadata><record xmlns="http://www.loc.gov/MARC21/slim" xmlns:doc="http://www.lyncode.com/xoai" xmlns:xsi="http://www.w3.org/2001/XMLSchema-instance" xmlns:dcterms="http://purl.org/dc/terms/" xsi:schemaLocation="http://www.loc.gov/MARC21/slim http://www.loc.gov/standards/marcxml/schema/MARC21slim.xsd">
<leader>00925njm 22002777a 4500</leader>
<datafield tag="042" ind1=" " ind2=" ">
<subfield code="a">dc</subfield>
</datafield>
<datafield tag="720" ind1=" " ind2=" ">
<subfield code="a">Martín Gago, Ana Belén</subfield>
<subfield code="e">author</subfield>
</datafield>
<datafield tag="260" ind1=" " ind2=" ">
<subfield code="c">2014</subfield>
</datafield>
<datafield tag="520" ind1=" " ind2=" ">
<subfield code="a">Debemos conocer a nuestros clientes para acercarnos a sus necesidades y expectativas.&#xd;
Debido al volumen de comentarios e información en los social media es necesario una recogida, recopilación y evaluación de las impresiones de nuestros clientes para poder adecuar nuestros servicios y calidad al mercado actual.&#xd;
Es básico una gestión correcta de la reputación en line que repercutirá en la cuenta de resultados de hotel.</subfield>
</datafield>
<datafield tag="024" ind2=" " ind1="8">
<subfield code="a">http://uvadoc.uva.es/handle/10324/6002</subfield>
</datafield>
<datafield ind1=" " ind2=" " tag="653">
<subfield code="a">Hoteles-Marketing</subfield>
</datafield>
<datafield ind1=" " ind2=" " tag="653">
<subfield code="a">Turismo-Calidad-Control-España</subfield>
</datafield>
<datafield ind1=" " ind2=" " tag="653">
<subfield code="a">Consumidores-Satisfacción</subfield>
</datafield>
<datafield tag="245" ind1="0" ind2="0">
<subfield code="a">El cliente, sujeto activo de la hotelería actual. Cómo la gestión de las opiniones actúa en la satisfacción, el marketing de la empresa y en sus resultados.</subfield>
</datafield>
</record></metadata></record></GetRecord></OAI-PMH>